banner-ar

MATHEMATICS / (Record no. 21145)

MARC details
000 -الفاتح
حقل البيانات ثابتة الطول 00463nam a2200181Ia 4500
008 - عناصر البيانات ثابتة الطول - معلومات عامة
حقل البيانات ثابتة الطول 140319s9999 xx 000 0 eng d
040 ## - مصدر الفهرسة
وكالة الفهرسة الأصلية GCL /
وكالة النسخ GCL
082 04 - رقم تصنيف ديوى العشرى
رقم التصنيف 510
رقم المادة K N
100 1# - المدخل الرئيسى - إسم شخصى
الإسم الشخصى KENWOOD, MICHAEL
245 10 - بيان العنوان
العنوان MATHEMATICS /
بيان المسئوليه,etc KENWOOD, MICHAEL
700 1# - المدخل الاضافى - اسم شخصى
الإسم الشخصى MOSS, CYRIL
260 ## - PUBLICATION, DISTRIBUTION, ETC. (IMPRINT)
تاريخ النشر أو التوزيع 1990
300 ## - الوصف المادى
التعداد 310 P
490 ## - بيان السلسلة
عنوان السلسلة LONGMAN REVIEW GUIDES
رقم المجلد/ التعيين التسلسلي 0
650 04 - المدخل الاضافى بالموضوع-مصطلح موضوعى
مصطلح موضوعي MATHEMATICS
942 ## - عناصر المدخل الإضافي( كوها)
مصدر التصنيف او مخطط الترفيف Dewey Decimal Classification
Koha [default] item type كتاب
260 ## - PUBLICATION, DISTRIBUTION, ETC. (IMPRINT)
-- [S.N] :
-- LONGMAN GROUP UK LIMITED ،
Holdings
حالة التراجع حالة الفقد حالة تلف ليس للاعارة المكان المؤقت الموقع الحالى تاريخ الاكتساب اجمالي اﻻعارات رقم الطلب الباركود تاريخ اخر مشاهدة تاريخ تفعيل السعر نوع وعاء كوها
        مكتبة القاهرة الكبرى مكتبة القاهرة الكبرى 03/26/2014   510\K N 39258 03/26/2014 03/26/2014 كتاب

Powered By

EGPV